Geography of Indiana - Statistics

General Stats
  • This quiz has been taken 48 times
  • The average score is 15 of 20
Answer Stats
Question Answer % Correct
What is the state capital of Indiana? Indianapolis
97%
What river separates Indiana from Kentucky? Ohio River
97%
What poor Chicago suburb was the birthplace of Michael Jackson? Gary
95%
What Great Lake does Indiana border in the north? Lake Michigan
95%
What university is located in South Bend? (hint: also a famous cathedral) Notre Dame
95%
What is the most important crop in Indiana by value? Corn
87%
Which Indiana city, starting with B, shares its name with an Illinois and Minnesota city? Bloomington
84%
What national park in Indiana lies on the shore of the above lake? Indiana {Dune}s
84%
What is the largest city in southern Indiana? Evansville
82%
What is the largest city in Indiana after the capital? Fort Wayne
82%
What is the nickname of Indiana? The {Hoosier} State
82%
What cross-state metro area are Clarksville, Jeffersonville, and New Albany part of? Louisville
76%
What is the state motto of Indiana? {Crossroads} of America
71%
What university is located in West Lafayette? Purdue
71%
What city has a French name that roughly means "high ground"? Terre Haute
71%
What type of bridge is Parke County known for, with 31 in total? Covered Bridge
58%
What is the state flower of Indiana? (hint: starts with P) Peony
53%
What river partially separates Indiana from Illinois? Wabash River
47%
In what county is Indiana's capital city located? Marion
42%
What are steep hills in southern Indiana called? Knobs
11%
No matching quizzes found
Score Distribution
Percent of People with Each Score
Percentile by Number Answered
Your Score History
You have not taken this quiz